00722nam a2200181Ia 4500003000200000005001700002008004100019050003100060100002800091245010700119260008800226300002800314504004100342650004300383650004000426650003600466650003800502020250129095932.0190208s9999 xx 000 0 und d aPGS JQ 1449.P6b.B352 2016 aBautista, Juan Diego A. aThe Perceptions of Ayala Alabang camera club members on Philippine politics /cJuan Diego A. Bautista. aLas Pinas City, Philippines :bSouthville International School and Colleges,c2016. a23 p. :bill. ;c28 cm. aIncludes bibliographical references. aPolitics and government vPhilippines. aPolitical perceptionsvPhilippines. aPerception (Social psychology). aPolitical attitudesvPhilippines.